Punjab on the eve of first Sikh war: a documentary study of the political, social and economic conditions of the Punjab of depicted in the daily letters written chiefly from Lahor by British inteligencers is during the period from 30 DEc 1843 to 31 October 1844 (Record no. 183867)

MARC details
000 -LEADER
fixed length control field 00648nam a2200157Ia 4500
008 - FIXED-LENGTH DATA ELEMENTS--GENERAL INFORMATION
fixed length control field 230917s9999||||xx |||||||||||||| ||und||
040 ## - CATALOGING SOURCE
-- 97252
Original cataloging agency VIVEKANANDA LIBRARY
041 ## - Language
-- English
082 ## - DDC NUMBER
Classification number 954.5 G959P
100 ## - MAIN ENTRY--PERSONAL NAME
Personal name Gupta, Hari Ram, ed
245 #0 - TITLE STATEMENT
Title Punjab on the eve of first Sikh war: a documentary study of the political, social and economic conditions of the Punjab of depicted in the daily letters written chiefly from Lahor by British inteligencers is during the period from 30 DEc 1843 to 31 October 1844
250 ## - EDITION STATEMENT
Edition statement 2nd Rev ed.
260 ## - PUBLICATION, DISTRIBUTION, ETC. (IMPRINT)
Place of publication, distribution, etc Chandigarh
Name of publisher, distributor, etc Publication Bureau of Punjab University
Date of publication, distribution, etc 1975
300 ## - PHYSICAL DESCRIPTION
Pages 555 p.
942 ## - ADDED ENTRY ELEMENTS (KOHA)
Koha item type Books
Holdings
Withdrawn status Lost status Damaged status Not for loan Location (home branch) Sublocation or collection (holding branch) Date acquired Koha issues (times borrowed) Koha full call number Accession No. Koha date last seen Koha item type
        VIVEKANANDA LIBRARY VIVEKANANDA LIBRARY 04/09/2003   954.5 G959P 38986 17/09/2023 Books
© Designed and Maintained by Vivekananda Library, MDU Rohtak